Філософія (Запис № 308413)

МАРК-запис
000 -Лідер
fixed length control field 00584nam a22002537a 4500
003 - Ідентифікатор контрольного номера
control field UA-OsUOA
001 - Контрольний номер
control field 22198
007 - Фіксоване поле фізичного опису
fixed length control field ta
008 - Елементи даних фіксованої довжини – загальна інформація
fixed length control field 20031217b un ||||| |||| 00| 0 ukr d
090 ## - Локальний шифр розміщення
Класифікаційний індекс УДК 101(075.8)
Авторський знак (НП) Г67
040 ## - Джерело каталогізації
Агенція оригінальної каталогізації UA-OsUOA
Мова каталогізації ukr
Агенція, яка здійснювала перезапис UA-OsUOA
Агенція, яка здійснювала модифікацію UA-OsUOA
041 ## - Код мови
Код мови тексту/ звукової доріжки чи окремого заголовка (П) ukr
080 ## - Індекс Універсальної десяткової класифікації
Індекс Універсальної десяткової класифікації (УДК) (НП) 101(075.8)
020 ## - Міжнародний стандартний книжковий номер (ISBN)
Міжнародний стандартний книжковий номер (ISBN) (НП) 966-7247-00-7
044 ## - Код країни видавця/ виробника
Код країни видавця/ виробника (П) UA
100 ## - Основне введення – ім’я особи
Ім’я особи (НП) Горак Г.І.
245 ## - Відомості про назву
Назва (НП) Філософія
Решта назви (НП) Курс лекцій
260 ## - Публікація, розповсюдження і т.п. (Вихідні дані)
Місце публікації, розповсюдження і т.п. (П) Київ
Ім’я/ наймення видавництва, розповсюджувача і т.п. (П) Вілбор
Дата публікації, розповсюдження і т.п. (П) 1997
300 ## - Фізичний опис
Обсяг 272 с.
650 #7 - Додаткове предметне введення – тематичний термін
Джерело заголовка чи терміна UDC
942 ## - Додаткові елементи входу (Коха)
Тип елемента Koha Книги
955 ## - Код типу видання за змістом
Код типу видання за змістом (НП) інше
Фонди
Стан вилучень Стан втрат Джерело класифікації або схеми стелажів Стан уражень Не для кредиту Постійне місце розташування Поточне розміщення Дата придбання Інвентарний номер Усього замовленно Повний номер виклику Штрих-код Дата останнього перегляду Ціна ефективна від Тип елемента Koha Вартість, звичайна ціна покупки Усього утримується
    Universal Decimal Classification     АБ - Абонемент НБ АБ - Абонемент НБ 06/07/2006 31952   101(075.8) Г67 31952 27/10/2021 17/12/2003 Книги    
    Universal Decimal Classification     АБ - Абонемент НБ АБ - Абонемент НБ 06/07/2006 31954   101(075.8) Г67 31954 27/10/2021 17/12/2003 Книги    
    Universal Decimal Classification     АБ - Абонемент НБ АБ - Абонемент НБ 06/07/2006 31955   101(075.8) Г67 31955 27/10/2021 17/12/2003 Книги    
    Universal Decimal Classification     АБ - Абонемент НБ АБ - Абонемент НБ 06/07/2006 31956   101(075.8) Г67 31956 27/10/2021 17/12/2003 Книги    
    Universal Decimal Classification     АБ - Абонемент НБ АБ - Абонемент НБ 06/07/2006 31957   101(075.8) Г67 31957 27/10/2021 17/12/2003 Книги    
    Universal Decimal Classification     АБ - Абонемент НБ АБ - Абонемент НБ 14/06/2004 79490   101(075.8) Г67 79490 27/10/2021 17/12/2003 Книги 15.00  
Withdrawn   Universal Decimal Classification   Not For Loan АБ - Абонемент НБ АБ - Абонемент НБ 06/07/2006 79503   101(075.8) Г67 79503 13/07/2019 17/12/2003 Книги   1
    Universal Decimal Classification     ЧЗ - Читальна зала ЧЗ - Читальна зала 17/12/2003 62388   101(075.8) Г67 62388 07/02/2022 17/12/2003 Книги 3.00  
    Universal Decimal Classification     ЧЗ - Читальна зала ЧЗ - Читальна зала 17/12/2003 62389   101(075.8) Г67 62389 07/02/2022 17/12/2003 Книги 8.05  
    Universal Decimal Classification     ЧЗ - Читальна зала ЧЗ - Читальна зала 17/12/2003 62390   101(075.8) Г67 62390 06/02/2022 17/12/2003 Книги 8.05  
    Universal Decimal Classification     ЧЗ - Читальна зала ЧЗ - Читальна зала 17/12/2003 62391   101(075.8) Г67 62391 07/02/2022 17/12/2003 Книги 8.40  
    Universal Decimal Classification     ЧЗ - Читальна зала ЧЗ - Читальна зала 17/12/2003 62392   101(075.8) Г67 62392 07/02/2022 17/12/2003 Книги 17.95